Discurso leído en la facultad de Medicina de la Universidad Central (Record no. 48436)

MARC details
000 -LEADER
campo de control de longitud fija 01019nam a22002175i 4500
001 - NÚMERO DE CONTROL
campo de control 48436
003 - IDENTIFICADOR DE NÚMERO DE CONTROL
campo de control ES-MaACL
005 - FECHA Y HORA DE LA ÚLTIMA TRANSACCIÓN
campo de control 20250717081027.0
007 - CAMPO FIJO DE DESCRIPCIÓN FÍSICA--INFORMACIÓN GENERAL
campo de control de longitud fija t|
008 - DATOS DE LONGITUD FIJA--INFORMACIÓN GENERAL
campo de control de longitud fija 950718s1894 sp ||||1| spa d
040 ## - FUENTE DE CATALOGACIÓN
Centro catalogador/agencia de origen CAM
Lengua de catalogación spa
Centro/agencia transcriptor CAM
100 1# - ENTRADA PRINCIPAL--NOMBRE DE PERSONA
Nombre de persona Decref y Ruiz, Joaquín.
9 (RLIN) 43185
245 10 - MENCIÓN DEL TÍTULO
Título Discurso leído en la facultad de Medicina de la Universidad Central
Resto del título : [trabajos prácticos sobre mecanoterapia en el tratamiento de algunas lesiones articulares] /
Mención de responsabilidad, etc. por D. Joaquín Decref y Ruiz ; en el acto de aspirar al grado de doctor... el día 14 de febrero de 1894.
260 ## - PUBLICACIÓN, DISTRIBUCIÓN, ETC.
Lugar de publicación, distribución, etc. Madrid :
Nombre del editor, distribuidor, etc. [s.n.],
Fecha de publicación, distribución, etc. 1894 (
Fabricante Impr. Nicolás Moya)
300 ## - DESCRIPCIÓN FÍSICA
Extensión 51 p. :
Otras características físicas il. ;
Dimensiones 26 cm.
650 #4 - PUNTO DE ACCESO ADICIONAL DE MATERIA--TÉRMINO DE MATERIA
Término de materia o nombre geográfico como elemento de entrada Gimnasia médica.
9 (RLIN) 152898
710 2# - ENTRADA AGREGADA--NOMBRE DE ENTIDAD CORPORATIVA
Nombre de entidad corporativa o nombre de jurisdicción como elemento de entrada Universidad Central (Madrid).
Unidad subordinada Facultad de Medicina
9 (RLIN) 7093
740 0# - ENTRADA AGREGADA--TÍTULO RELACIONADO/ANALÍTICO NO CONTROLADO
Título relacionado o analítico no controlado Trabajos prácticos sobre mecanoterapia en el tratamiento de algunas lesiones articulares.
852 ## - LOCALIZACIÓN
Ubicación ES-MaACL
Número de control de estantería T-834-F-3
Nota libre .- Enc. en un vol. facticio conservando la enc. original
Holdings
Estatus retirado Estado de pérdida Estado de daño No para préstamo Colección Biblioteca de origen Biblioteca actual Ubicación en estantería Fecha de adquisición Fuente de adquisición Total de préstamos Signatura topográfica completa Código de barras Visto por última vez Precio de reemplazo Tipo de ítem Koha
        Colección de folletos Biblioteca del Ateneo de Madrid Biblioteca del Ateneo de Madrid Depósito folletos 17/01/2008     T-834-F-3 1050972 23/02/2023 23/02/2023 Folleto